LIBRARY & INFORMATION CENTRE, KCAET, TAVANUR

ONLINE PUBLIC ACCESS CATALOGUE (OPAC)

Development of a power operated rubber tapping machine (Record no. 15131)

MARC details
000 -LEADER
fixed length control field 00700nam a22002057a 4500
003 - CONTROL NUMBER IDENTIFIER
control field OSt
088 ## - REPORT NUMBER
Report number P 337
100 ## - MAIN ENTRY--AUTHOR NAME
Personal name ASWATHY M. S
245 ## - TITLE STATEMENT
Title Development of a power operated rubber tapping machine
260 ## - PUBLICATION, DISTRIBUTION, ETC. (IMPRINT)
Place of publication Tavanur 2016
Name of publisher Department of Food and Agricultural Processing Engineering
300 ## - PHYSICAL DESCRIPTION
Number of Pages 44
500 ## - GENERAL NOTE
General note Development of a power operated rubber tapping machine
520 ## - SUMMARY, ETC.
Summary, etc Development of a power operated rubber tapping machine
700 ## - ADDED ENTRY--PERSONAL NAME
Personal name Soumya Krishnan V
700 ## - ADDED ENTRY--PERSONAL NAME
Personal name Sruthi N. U
700 ## - ADDED ENTRY--PERSONAL NAME
Personal name Er. George Mathew (Guide)
856 ## - ELECTRONIC LOCATION AND ACCESS
Uniform Resource Identifier https://drive.google.com/open?id=11t_SloGTzW5MU80WySMqSMDOb1oprwe0
942 ## - ADDED ENTRY ELEMENTS (KOHA)
Koha item type Project Report
Holdings
Collection code Home library Current library Shelving location Full call number Accession Number Koha item type
Reference KAUAET KAUAET Reference 664 ASW/DE P 337 Project Report
free website counter